Loading...
| Science - Physics | 0 | 4 | 2 | 0 | 30 | 78 | 100.00 | 2 | 4 | 0.00 | 0.00 |
| Science - Chemistry | 0 | 3 | 0 | 0 | 30 | 87 | 108.67 | 0 | 3 | 0.00 | 0.00 |
| Science - Other | 0 | 3 | 1 | 0 | 25 | 70 | 90.00 | 1 | 3 | 0.00 | 0.00 |
| History - World | 0 | 2 | 0 | 0 | 20 | 73 | 78.00 | 1 | 2 | 0.00 | 0.00 |
| Current Events | 0 | 1 | 0 | 0 | 10 | 32 | 32.00 | 1 | 1 | 0.00 | 0.00 |
| Fine Arts - Classical Music | 0 | 1 | 0 | 0 | 10 | 50 | 50.00 | 1 | 1 | 0.00 | 0.00 |
| Literature - American | 0 | 1 | 0 | 0 | 10 | 79 | 79.00 | 1 | 1 | 0.00 | 0.00 |
| Literature - World | 0 | 1 | 0 | 1 | 10 | 154 | 154.00 | 0 | 1 | 0.00 | 0.00 |
| Social Science | 0 | 1 | 1 | 0 | 5 | 106 | 106.00 | 1 | 1 | 0.00 | 0.00 |
| History - American | 0 | 1 | 2 | 0 | 0 | 64 | 64.00 | 1 | 1 | 0.00 | 0.00 |
| Science - Biology | 0 | 0 | 1 | 0 | -5 | 0.00 | 0 | 0 | 0.00 | 0.00 | |
| History - European | 0 | 0 | 1 | 0 | -5 | 0.00 | 0 | 0 | 0.00 | 0.00 |